Welcome to the Holygrace Academy Library

Please use search bar below to get started

AROUND THE WORLD IN EIGHTY DAYS (Record no. 415)

MARC details
000 -LEADER
fixed length control field 00376nam a22001457a 4500
020 ## - INTERNATIONAL STANDARD BOOK NUMBER
ISBN 81-7826-172-3
082 ## - DEWEY DECIMAL CLASSIFICATION NUMBER
Classification number 823
Item number VER/A
245 ## - TITLE STATEMENT
Title AROUND THE WORLD IN EIGHTY DAYS
Remainder of title SHORT STORY
246 ## - VARYING FORM OF TITLE
Title proper/short title AROUND THE WORLD IN EIGHTY DAYS
Remainder of title SHORT STORY
250 ## - EDITION STATEMENT
Edition statement 2003
260 ## - PUBLICATION, DISTRIBUTION, ETC. (IMPRINT)
Place of publication DELHI
Name of publisher ROHAN BOOK COMPANY
Year of publication 2003
300 ## - PHYSICAL DESCRIPTION
Number of Pages 206
520 ## - SUMMARY, ETC.
Summary, etc CHILDRENS SHORT STORY
942 ## - ADDED ENTRY ELEMENTS (KOHA)
Koha item type Books

No items available.